| 000 | 00634nam a2200193 4500 | ||
|---|---|---|---|
| 005 | 20250627153829.0 | ||
| 010 | _aENG-145616 | ||
| 020 |
_a9789361630187 _c220.00 |
||
| 035 | _aEN-129148 | ||
| 037 | _bDBAD | ||
| 082 | _a617.695 | ||
| 100 |
_aJaffino, G. _982437 |
||
| 245 |
_aAn Overview of Dental Image Processing Techniques/ _cG. Jaffino [and] J. Prabin Jose |
||
| 260 |
_aMadurai _bShanlax Publications _c2024 |
||
| 270 |
_a61,66 Vasantha Nagar _bMadurai _e625003 _mshanlaxpublications@gmail.com |
||
| 300 |
_a113p. _c22cm(Pbk) |
||
| 700 |
_aJose, J. Prabin _eAuthor _982438 |
||
| 942 |
_2ddc _cEN _h617.695 _mJAF |
||
| 999 |
_c211994 _d211994 |
||